000 00526nam a2200181Ia 4500
001 23525
005 20260414150943.0
008 260414t2011||||xx |||||||||||||| ||spa||
041 _aESP
082 _a660.2844
_bI99 2011
100 _aIzquierdo Torres, José Felipe ...[et. al.]
_eAUT
245 0 _aIntroducción a la ingeniería química :
_b problemas resueltos de balances de materia y energía
260 _c2011
300 _a293 páginas :
_c24 cm.
650 _aTCA
654 _aCII
942 _cLIB
_dJUS
_fJUS
_2ddc
_n
999 _c23525
_d23525